Ver en las tinieblas : (Record no. 125990)

MARC details
000 -LEADER
campo de control de longitud fija 01127nam a22002537a 4500
003 - IDENTIFICADOR DE NÚMERO DE CONTROL
campo de control BJBSDDR
005 - FECHA Y HORA DE LA ÚLTIMA TRANSACCIÓN
campo de control 20251128095515.0
007 - CAMPO FIJO DE DESCRIPCIÓN FÍSICA--INFORMACIÓN GENERAL
campo de control de longitud fija ta
008 - DATOS DE LONGITUD FIJA--INFORMACIÓN GENERAL
campo de control de longitud fija 251128s2014 mx ||||| |||| 00| 0 spa d
020 ## - NÚMERO INTERNACIONAL ESTÁNDAR DEL LIBRO
Número Internacional Estándar del Libro 9786071624482
020 ## - NÚMERO INTERNACIONAL ESTÁNDAR DEL LIBRO
Número Internacional Estándar del Libro 6071624487
040 ## - FUENTE DE CATALOGACIÓN
Lengua de catalogación spa
Centro/agencia transcriptor BJBSDDR
041 ## - CÓDIGO DE IDIOMA
Código de lengua del texto/banda sonora o título independiente spa
050 ## - SIGNATURA TOPOGRÁFICA DE LA BIBLIOTECA DEL CONGRESO
Número de ítem B136 2014
100 1# - ENTRADA PRINCIPAL--NOMBRE DE PERSONA
Nombre de persona Revueltas, José Agustín,
Fechas asociadas al nombre 1914-1976
9 (RLIN) 31729
245 10 - MENCIÓN DEL TÍTULO
Título Ver en las tinieblas :
Resto del título narrativa, ensayo, evocaciones /
Mención de responsabilidad, etc. José Revueltas, José Manuel Mateo, editor
250 ## - MENCION DE EDICION
Resto de la mención de edición Primera edición
260 ## - PUBLICACIÓN, DISTRIBUCIÓN, ETC.
Lugar de publicación, distribución, etc. México :
Nombre del editor, distribuidor, etc. Fondo de Cultura Económica Era,
Fecha de publicación, distribución, etc. 2014
300 ## - DESCRIPCIÓN FÍSICA
Extensión 386 paginas ;
Otras características físicas 17 cm
520 ## - RESUMEN, ETC.
Sumario, etc. La presente antología, realizada por José Manuel Mateo, permitirá al lector adentrase en los textos más representativos del duranguense a partir de un recorrido genérico, regido por tres ejes temáticos. Hay aquí prosa, relatos completos y fragmentos de novelas y ensayos sobre literatura y política, así como pasajes autobiográficos que incluyen cartas y apuntes del mismo autor.
700 1# - ENTRADA AGREGADA--NOMBRE PERSONAL
Nombre de persona Mateo, José Manuel
9 (RLIN) 46258
942 ## - ELEMENTOS DE ENTRADA SECUNDARIOS (KOHA)
Fuente del sistema de clasificación o colocación Clasificación de Library of Congress
Suprimir en OPAC No
Tipo de ítem Koha Libro
946 ## - PROCESAMIENTO DE INFORMACIÓN LOCAL (OCLC)
Iniciales del agente catalogador cmc
Holdings
Estatus retirado Estado de pérdida Fuente del sistema de clasificación o colocación Estado de daño No para préstamo Colección Biblioteca de origen Biblioteca actual Ubicación en estantería Fecha de adquisición Signatura topográfica completa Código de barras Visto por última vez Copia número Tipo de ítem Koha
    Clasificación de Library of Congress     Automatización y Procesos Técnicos Biblioteca Juan Bosch Biblioteca Juan Bosch Automatización y Procesos Técnicos (1er. Piso) 28/11/2025 B136 2014 00000196934 28/11/2025 1 Libro